| 000 | 01492ngm a22002530a 4500 | ||
|---|---|---|---|
| 001 | PT16773 | ||
| 003 | AR-LpoUNG | ||
| 005 | 20210202000246.0 | ||
| 007 | vd cvaizq | ||
| 008 | 191001s199?||||ag |||||||||||||||||spa d | ||
| 037 | _c$5 | ||
| 040 |
_aAR-LpoUNG _bspa _cAR-LpoUNG _eaacr |
||
| 041 | _aspa | ||
| 044 | _aag | ||
| 082 | 0 | _a791.433 565bet | |
| 245 | 1 | 0 | _aBetty Boop |
| 260 |
_aBuenos Aires : _bVideoteca Página 30, _c[199?]. |
||
| 300 | _aVHS (90 min.) : son, col. | ||
| 520 | _aEl personaje de esta curiosa vampiresa del cartoon nace de manera totalmente espontánea tal como la conocemos hoy en día, ya que en un principio su creador Grim Natwick, había diseñado la historia sobre dos perros y sus aventuras, uno de ellos evolucionó y dio forma a Betty Boop tal como la conocemos hoy en día. El otro personaje quedó tal cual fue dibujado por vez primera y conformó el otro cincuenta por ciento de este producto animado americano, su nombre, Bimbo, el perrito enamorado de Betty. Se trataron de unos dibujos animados en clave de musical para los estudios Talkcartoon, en el que el personaje (en ese momento con forma de can) inició su carrera a través de un cortometraje apelado Dizzy Dishes (Platos Vertiginosos) que se proyectó en 1930. Su debut en la gran pantalla propinó un buen conjunto de acérrimos seguidores que la siguieron a través de su evolución en el tiempo. | ||
| 653 | _aVIDEOS | ||
| 710 | 2 | _aPágina/30 | |
| 905 | _a16773 | ||
| 942 | _cVIDEO | ||
| 999 |
_c54473 _d54473 |
||